Loading...

Writings in general linguistics

Bibliographic Details
Main Author: Saussure, Ferdinand de; Author
Format: Printed Book
Published: New York, Oxford University Press 2006
Subjects:
LEADER 006470000a22002050004500
020 |a 0-19-926144-X 
082 |a 410 P6 
100 |a Saussure, Ferdinand de; Author 
245 |a Writings in general linguistics 
250
260 |a New York, Oxford University Press  |e 2006 
260 |c 2006 
460 |a xxx,336p 
465 |a USD55.00 
500 |a Ferdinand de Saussure 
500 |a Includes bibliographical references and index 
650 |a Linguistics 
942 |c BK 
999 |c 37671  |d 37671 
952 |0 0  |1 0  |4 0  |6 410_000000000000000_P6  |7 0  |8 ENG  |9 38174  |a MGUL  |b MGUL  |d 2013-07-16  |e USD55.00  |l 1  |o 410 P6  |p 36959  |r 2015-02-20  |s 2015-01-24  |w 2013-07-16  |y BK